La disposición de los fondos y bienes a favor de terceros (Registro nro. 13532)

Detalles MARC
000 -LEADER
fixed length control field 00342 a2200109 4500
001 - CONTROL NUMBER
control field ART_11100
005 - DATE AND TIME OF LATEST TRANSACTION
control field 20260410161643.0
008 - FIXED-LENGTH DATA ELEMENTS--GENERAL INFORMATION
fixed length control field 260409a
100 1# - MAIN ENTRY--PERSONAL NAME
Personal name Moreno, Carolina
245 10 - TITLE STATEMENT
Title La disposición de los fondos y bienes a favor de terceros
773 0# - HOST ITEM ENTRY
Title Consultor tributario
Related parts - Año 6, Nº 71 (ene. 2013)
Record control number REV474

No hay ítems disponibles.